How to build your own IBM PC AT clone /

A complete video that shows the details of how to build your own IBM PC compatible computer - with only a screwdriver. The video is presented in five parts: 1) how to find the best buys in components ; 2) familiarizing the viewer with every part of the computer ; 3) assembly process ; 4) initializat...

Full description

Bibliographic Details
Corporate Author: Stewart Instruments, Inc
Format: Video VHS
Language:English
Published: Garden Grove, CA : Friendly Videos, [1987?]
Subjects:

MARC

Tag First Indicator Second Indicator Subfields
LEADER 00000cgm a2200000 a 4500
001 in00000031995
005 20151007055013.0
007 vf cbaho-
008 880406s1987 xxu060 vleng d
035 |a (OCoLC)17741127 
035 |9 AAB6955AM 
040 |a CBL  |c CBL  |d OCL  |d TXA  |d UtOrBLW 
049 |a TXAV [A10161987] 
090 |a TK9969  |b .H69 1987 
245 0 0 |a How to build your own IBM PC AT clone /  |c Stewart Instruments, Inc. 
264 1 |a Garden Grove, CA :  |b Friendly Videos,  |c [1987?] 
300 |a 1 videocassette (60 min.) :  |b sound, color +  |e 1 instruction sheet (2 pages ; 28 cm.) 
336 |a two-dimensional moving image  |b tdi  |2 rdacontent 
337 |a video  |b v  |2 rdamedia 
338 |a videocassette  |b vf  |2 rdacarrier 
500 |a VHS format. 
520 |a A complete video that shows the details of how to build your own IBM PC compatible computer - with only a screwdriver. The video is presented in five parts: 1) how to find the best buys in components ; 2) familiarizing the viewer with every part of the computer ; 3) assembly process ; 4) initialization of hardware ; and 5) troubleshooting. 
500 |a Videorecording. 
650 0 |a Computers. 
650 0 |a IBM Personal Computer AT. 
650 0 |a Computer input-output equipment. 
650 0 |a Computer engineering  |x Audio-visual aids. 
710 2 |a Stewart Instruments, Inc. 
999 |a MARS 
999 f f |s 28ed569e-c9f1-3aa1-a5bb-35692e88b808  |i ec07ec65-2d4c-3d90-b8b5-218c9aa216a6  |t 0 
952 f f |p storage  |a Texas A&M University  |b J.J. Pickle Campus  |c High Density Repository  |d Remote Storage  |t 0  |e S217 .A6132 no.118-128  |h Library of Congress classification  |i unmediated -- volume  |m A14805163648 
952 f f |a Texas A&M University  |b J.J. Pickle Campus  |c High Density Repository  |d Remote Storage  |t 0  |e S217 .A6132 no.118-128  |h Library of Congress classification 
998 f f |a S217 .A6132 no.118-128  |t 0  |l Remote Storage